[Event "Challenge"]
[Site "http://www.queenalice.com/game.php?id=45751"]
[Date "2005.12.29"]
[Round "-"]
[White "yossarian"]
[Black "fredofm"]
[Result "1-0"]
[WhiteElo "1348"]
[BlackElo "1400"]

1. d4 d5 2. e3 Nf6 3. c4 e6 4. Nf3 dxc4 5. Bxc4 a6 6. Nc3 Bb4 7. Bd2 Bxc3 8.
Bxc3 Ne4 9. Bb4 Nxf2 10. Kxf2 Nc6 11. Qb3 Nxb4 12. Qxb4 b6 13. Rhd1 Qe7 14.
Qxe7+ Kxe7 15. Rac1 b5 16. Bd3 g6 17. Rxc7+ Bd7 18. Ne5 Rhd8 19. Rdc1 f6 20.
Nc6+ Ke8 21. Nxd8 Kxd8 22. Be4 Rc8 23. Rxc8+ Bxc8 24. b4 Bd7 25. Bb7 e5 26. dxe5
fxe5 27. Bxa6 h5 28. Kg3 g5 29. h4 g4 30. Rc5 1-0

[Event "PLEASE SOMEONE PLAY ME NOW"]
[Site "http://www.queenalice.com/game.php?id=45857"]
[Date "2005.12.30"]
[Round "-"]
[White "yossarian"]
[Black "roq04"]
[Result "0-1"]
[WhiteElo "1409"]
[BlackElo "1649"]

1. d4 Nf6 2. c4 g6 3. Nc3 Bg7 4. Nf3 d6 5. e4 O-O 6. Bd3 Bg4 7. h3 Bd7 8. Be3 e6
9. O-O a6 10. b4 Nc6 11. Qb3 b5 12. d5 Ne5 13. Nxe5 dxe5 14. Rfd1 Re8 15. cxb5
exd5 16. bxa6 Qc8 17. exd5 e4 18. Bc4 Bg4 19. hxg4 Qxg4 20. d6 Rec8 21. Bxf7+
Kh8 22. Be6 Qh4 23. Bxc8 Rxc8 24. d7 Rd8 25. a7 Ng4 26. a8=Q Rxa8 27. d8=Q+ Rxd8
28. Rxd8+ Qxd8 29. Rd1 Qe7 30. Qc4 Nxe3 31. fxe3 Qg5 32. Qxe4 h5 33. Nd5 Kh7 34.
Nxc7 Qg3 0-1

[Event "AUTO-OPEN-200"]
[Site "http://www.queenalice.com/game.php?id=45882"]
[Date "2005.12.31"]
[Round "1"]
[White "BW"]
[Black "yossarian"]
[Result "1-0"]
[WhiteElo "1870"]
[BlackElo "1336"]

1. e4 e5 2. Nf3 Nc6 3. c3 Nf6 4. d4 exd4 5. e5 Qe7 6. cxd4 Nd5 7. Qb3 Qb4+ 8.
Qxb4 Ndxb4 9. Na3 d6 10. Be2 Nd5 11. Nc4 dxe5 12. dxe5 h6 13. a3 Be6 14. O-O Nf4
15. Bxf4 g5 16. Be3 O-O-O 17. Rfd1 Bg7 18. Nd4 Nxe5 19. Nxe6 Rxd1+ 20. Rxd1 fxe6
21. Nxe5 Bxe5 22. Bd4 Bxd4 23. Rxd4 Rf8 24. Bg4 Rf6 25. Rd3 b6 26. Rf3 Rxf3 27.
Bxe6+ Kb7 28. Bd5+ c6 29. Bxf3 a5 30. Kf1 b5 31. Ke1 Kb6 32. Kd2 c5 33. Be2 a4
34. g3 Ka5 35. f4 gxf4 36. gxf4 b4 37. f5 c4 38. f6 1-0

[Event "AUTO-OPEN-200"]
[Site "http://www.queenalice.com/game.php?id=45883"]
[Date "2005.12.31"]
[Round "1"]
[White "yossarian"]
[Black "BW"]
[Result "0-1"]
[WhiteElo "1383"]
[BlackElo "1825"]

1. d4 c6 2. e4 d5 3. Bd3 dxe4 4. Bxe4 Nf6 5. Nc3 Nxe4 6. Nxe4 Bf5 7. Ng3 Bg6 8.
N1e2 e6 9. O-O Bd6 10. Nf4 Qf6 11. Ngh5 Bxh5 12. Nxh5 Qg6 13. c4 Nd7 14. c5 Bc7
15. Nf4 Qf5 16. Nh5 O-O-O 17. Nxg7 Qg6 18. Nxe6 Qxe6 19. Re1 Qd5 20. Qa4 Rdg8
21. g3 a6 22. Be3 h5 23. Qd1 h4 24. Qb3 Qf5 25. f4 hxg3 26. hxg3 Rxg3+ 0-1

[Event "AUTO-OPEN-200"]
[Site "http://www.queenalice.com/game.php?id=45928"]
[Date "2005.12.31"]
[Round "1"]
[White "roq04"]
[Black "yossarian"]
[Result "1-0"]
[WhiteElo "1500"]
[BlackElo "1398"]

1. e4 e5 2. Nf3 Nc6 3. Bc4 Bc5 4. Nc3 h6 5. d3 Nf6 6. h4 d6 7. Nd5 Ng4 8. Be3
Nxe3 9. fxe3 Be6 10. d4 Bb6 11. Qe2 Qc8 12. O-O-O O-O 13. Ng5 exd4 14. b4 dxe3
15. b5 Bxd5 16. Bxd5 Ne5 17. Rdf1 hxg5 18. hxg5 g6 19. Rh6 Qg4 20. Qxg4 Nxg4 21.
Rh4 e2 22. Rfh1 Be3+ 23. Kb2 Bxg5 24. Rxg4 Bd2 25. Rxg6# 1-0

[Event "AUTO-OPEN-200"]
[Site "http://www.queenalice.com/game.php?id=45929"]
[Date "2005.12.31"]
[Round "1"]
[White "yossarian"]
[Black "roq04"]
[Result "1-0"]
[WhiteElo "1412"]
[BlackElo "1676"]

1. d4 d5 2. e3 Nf6 3. c4 dxc4 4. Bxc4 e6 5. Nf3 c5 6. b3 Bd6 7. Bb2 O-O 8. O-O
Qc7 9. Qc2 b6 10. dxc5 Bxh2+ 11. Nxh2 Bb7 12. Bxf6 gxf6 13. Nc3 h5 14. cxb6 axb6
15. Qe2 Kg7 16. Qxh5 Rh8 17. Qg4+ Kf8 18. g3 Ke7 19. Rfd1 Nd7 20. Bxe6 Ne5 21.
Qb4+ Qc5 22. Qxc5+ bxc5 23. Bd5 Rab8 24. Bxb7 Rxb7 25. Rd5 Rc7 26. Rad1 Rh5 27.
f4 Nf3+ 28. Nxf3 Rxd5 29. Nxd5+ Kd7 30. Nxc7+ Kxc7 31. Kf2 Kc6 32. Rd8 1-0

[Event "Challenge"]
[Site "http://www.queenalice.com/game.php?id=46682"]
[Date "2006.1.6"]
[Round "-"]
[White "yossarian"]
[Black "Wifeykaz"]
[Result "1-0"]
[WhiteElo "1100"]
[BlackElo "1235"]

1. d4 d5 2. e3 e6 3. c4 dxc4 4. Bxc4 Bd6 5. Nf3 f6 6. Nc3 f5 7. O-O Qf6 8. Re1
Qg6 9. Ne5 Qh6 10. e4 fxe4 11. Bxh6 gxh6 12. Qh5+ Ke7 13. Qf7+ Kd8 14. Qg7 Ne7
15. Qxh8+ Ng8 16. Qxg8+ Ke7 17. Qxh7+ Kf6 18. Nxe4# 1-0

[Event "Challenge"]
[Site "http://www.queenalice.com/game.php?id=47225"]
[Date "2006.1.10"]
[Round "-"]
[White "ktk"]
[Black "yossarian"]
[Result "0-1"]
[WhiteElo "1464"]
[BlackElo "1234"]

1. b4 d5 2. Bb2 e6 3. b5 c5 4. d4 c4 5. Nf3 Qa5+ 6. Nc3 Bb4 7. Qd2 Bd7 8. a3
Bxc3 9. Bxc3 Qxb5 10. e3 Nf6 11. Bb4 a5 12. Bc3 Ne4 13. Be2 Nxd2 0-1

[Event "Challenge"]
[Site "http://www.queenalice.com/game.php?id=47377"]
[Date "2006.1.11"]
[Round "-"]
[White "papiro"]
[Black "yossarian"]
[Result "1-0"]
[WhiteElo "1417"]
[BlackElo "1368"]

1. e4 e5 2. Qf3 c5 3. Bc4 Nf6 4. Nh3 h6 5. O-O Nc6 6. d3 Nd4 7. Qd1 Bd6 8. c3
Nc6 9. Be3 O-O 10. a3 a6 11. d4 exd4 12. cxd4 cxd4 13. Bxd4 Nxe4 14. Qd3 Re8 15.
Bc3 Nxc3 16. Qxd6 Ne4 17. Qf4 d5 18. Rd1 Be6 19. Nc3 Nxc3 20. bxc3 b5 21. Bd3
Ne7 22. Qf3 Qd7 23. Nf4 Bg4 24. Qg3 Bxd1 25. Rxd1 Nf5 26. Qg4 Re5 27. Bxf5 Rxf5
28. Nxd5 Kh8 29. Nb6 Qxd1+ 30. Qxd1 Re8 31. h3 Rc5 32. Qd4 Rce5 33. f3 Re1+ 34.
Kh2 R8e2 35. Nd5 Rf1 36. Nf4 Ra2 37. Nh5 1-0

[Event "Challenge"]
[Site "http://www.queenalice.com/game.php?id=47387"]
[Date "2006.1.11"]
[Round "-"]
[White "yossarian"]
[Black "bish"]
[Result "1-0"]
[WhiteElo "1336"]
[BlackElo "1670"]

1. c4 d5 2. cxd5 Qxd5 3. Nc3 Qd8 4. d4 e6 5. Nf3 Nf6 6. e4 Nc6 7. Bb5 Bd7 8. d5
exd5 9. exd5 Nb4 10. Bxd7+ Qxd7 11. O-O Nfxd5 12. Nxd5 Nxd5 13. Re1+ Be7 14. Qc2
O-O-O 15. Ne5 Qe6 16. Bd2 f6 17. Ng6 Qxe1+ 18. Rxe1 hxg6 19. Qxg6 Rhg8 20. g3
Kb8 21. Qc2 Rd7 22. a3 Rgd8 23. b4 b6 24. b5 Bxa3 25. Ra1 Bb4 26. Qa4 c5 27.
bxc6 Rc7 28. Bxb4 Nxb4 29. Qxb4 Rdc8 30. Qf4 a5 31. h4 Ka7 32. Qg4 Ka6 33. Rc1
b5 34. Rc5 Rd8 35. Qh5 Rb8 36. f4 Rb6 37. Qe8 a4 38. Qa8+ 1-0